UBT Library

Bobby Flay's Throwdown! : (Record no. 38922)

000 -LEADER
fixed length control field 00700cam a22002294a 4500
001 - CONTROL NUMBER
control field 16328032
005 - DATE AND TIME OF LATEST TRANSACTION
control field 20171214044422.0
008 - FIXED-LENGTH DATA ELEMENTS--GENERAL INFORMATION
fixed length control field 100712s2010 nyua 001 0 eng
010 ## - LIBRARY OF CONGRESS CONTROL NUMBER
LC control number 2010026379
020 ## - INTERNATIONAL STANDARD BOOK NUMBER
International Standard Book Number 9780307719164
040 ## - CATALOGING SOURCE
Original cataloging agency DLC
Transcribing agency DLC
Modifying agency DLC
041 ## - LANGUAGE CODE
Language code of text/sound track or separate title eng
043 ## - GEOGRAPHIC AREA CODE
Geographic area code n-us---
080 ## - UNIVERSAL DECIMAL CLASSIFICATION NUMBER
Universal Decimal Classification number 641.5973 FLA
082 00 - DEWEY DECIMAL CLASSIFICATION NUMBER
Classification number 641.5973 FLA
Edition number 22
100 1# - Rafti
Rafti 10
101 ## - Shkurtesa
Shkurtesa NUT
245 10 - TITLE STATEMENT
Title Bobby Flay's Throwdown! :
Statement of responsibility, etc Bobby Flay ; with Stephanie Banyas and Miriam Garron.
906 ## - LOCAL DATA ELEMENT F, LDF (RLIN)
a 7
b cbc
c orignew
d 1
e ecip
f 20
g y-gencatlg
942 ## - ADDED ENTRY ELEMENTS (KOHA)
Source of classification or shelving scheme
Item type Books
Holdings
Withdrawn status Lost status Source of classification or shelving scheme Damaged status Not for loan Permanent location Current location Date acquired Total Checkouts Full call number Barcode Date last seen Price effective from Koha item type
          UBT - Lipjan UBT - Lipjan 12/14/2017   641.5973 FLA 002-2939048 12/14/2017 12/14/2017 Books
UBT Library © 2015-2024. All rights reserved University Education for Business and Technology